MARC

LEADER 00000nam0a2200000 4500
001 376633
005 20231101052036.0
010 |a 5282004763 
020 |a RU  |b 89-79877 
035 |a (RuTPU)RU\TPU\retro\34073 
035 |a RU\TPU\book\230525 
090 |a 376633 
100 |a 20221223d1989 km y0rusy5003 ca 
101 0 |a rus 
102 |a RU 
105 |a a z 001zy 
200 1 |a Нормирование в научно-технических организациях  |f В. К. Беклешов, П. Н. Завлин 
210 |a Москва  |c Экономика  |d 1989 
215 |a 240 с.  |c ил.  |d 20 см 
320 |a Библиогр.: с. 237-239 (54 назв.). 
610 1 |a научно-исследовательская работа 
610 1 |a опытно-конструкторские работы 
610 1 |a прикладные исследования 
610 1 |a труд 
610 1 |a нормирование 
610 1 |a методы 
610 1 |a сотрудники 
610 1 |a процессы 
610 1 |a отраслевые НИИ 
686 |a Ч215.2  |v LBC/SL-A  |2 rubbk 
700 1 |a Беклешов  |b В. К.  |g Вадим Кириллович  |4 070 
701 1 |a Завлин  |b П. Н.  |g Павел Наумович  |4 070 
801 0 |a RU  |b RuMRKP  |c 19950417  |g psbo 
801 1 |a RU  |b 63413507  |c 20120310 
801 2 |a RU  |b 63413507  |c 20221223  |g RCR 
942 |c BK